[Event "PRO League KO Stage 2018"]
[Site "San Francisco USA"]
[Date "2018.04.08"]
[Round "4"]
[White "Swiercz, Dariusz"]
[Black "Skuhala, Luka"]
[Result "1-0"]
[WhiteTitle "GM"]
[WhiteElo "2654"]
[BlackElo "2087"]
[WhiteTeam "Saint Louis Arch Bishops"]
[BlackTeam "Ljubljana Turtles"]
[WhiteFideId "1126881"]
[BlackFideId "14605678"]
[EventDate "2018.03.13"]

1. Nf3 Nf6 2. c4 e6 3. g3 d5 4. d4 Be7 5. Bg2 O-O 6. O-O dxc4 7. Qc2 a6 8. a4
Bd7 9. Qxc4 Bc6 10. Bg5 Bd5 11. Qc2 Be4 12. Qd1 Nc6 13. Nbd2 Bg6 14. e3 h6 15.
Bxf6 Bxf6 16. Qb3 Rb8 17. Rfd1 Qe7 18. Nc4 Bh5 19. Rdc1 Rfd8 20. Qc3 Bg6 21. a5
Nb4 22. Nce5 Nd5 23. Nxg6 fxg6 24. Qb3 c6 25. e4 Nc7 26. e5 Bg5 27. Rd1 h5 28.
Qc2 Kh7 29. h4 Bh6 30. Rd3 Nd5 31. Qe2 Rf8 32. Nh2 Rf7 33. Bxd5 cxd5 34. f4 Rbf8
35. Nf3 Kg8 36. Rc3 Bxf4 37. gxf4 Rxf4 38. Rf1 Qb4 39. Rd3 Qxa5 40. Nh2 Rxf1+
41. Nxf1 Qa1 42. Kg2 Qc1 43. Nd2 Qxb2 44. Kg3 Qa2 45. Qe3 Qa5 46. Nf3 Qd8 47.
Ng5 Qe7 48. Qe2 b5 49. Rc3 b4 50. Rc6 Qb7 51. Qc2 b3 52. Qxg6 1-0

[Event "PRO League KO Stage 2018"]
[Site "San Francisco USA"]
[Date "2018.04.08"]
[Round "4"]
[White "Zherebukh, Yaroslav"]
[Black "Skuhala, Luka"]
[Result "1-0"]
[WhiteTitle "GM"]
[WhiteElo "2633"]
[BlackElo "2087"]
[WhiteTeam "Saint Louis Arch Bishops"]
[BlackTeam "Ljubljana Turtles"]
[WhiteFideId "14116804"]
[BlackFideId "14605678"]
[EventDate "2018.03.13"]

1. e4 c5 2. Nf3 d6 3. Be2 Nf6 4. d3 a6 5. O-O e6 6. Nbd2 Be7 7. Re1 O-O 8. Nf1
b5 9. Ng3 Nbd7 10. c3 Bb7 11. Bf1 Ne5 12. d4 Nxf3+ 13. Qxf3 c4 14. Qd1 Qc7 15.
Bg5 d5 16. e5 Ne4 17. Bxe7 Qxe7 18. Nh5 Qg5 19. g3 Qh6 20. Bg2 Rae8 21. Nf4 g5
22. Nh5 f5 23. exf6 Nxf6 24. Nxf6+ Qxf6 25. Qd2 e5 26. dxe5 Rxe5 27. Rxe5 Qxe5
28. Re1 Qf6 29. Bxd5+ Bxd5 30. Qxd5+ Kh8 31. Qc5 h6 32. Rd1 Re8 33. Kg2 Qg7 34.
Rd6 Rf8 35. Qc6 Kh7 36. Qe4+ Kh8 37. Rg6 Qh7 38. Qe5+ 1-0

[Event "PRO League KO Stage 2018"]
[Site "San Francisco USA"]
[Date "2018.04.08"]
[Round "4"]
[White "Wang, Yue"]
[Black "Andriasian, Zaven"]
[Result "1/2-1/2"]
[WhiteTitle "GM"]
[BlackTitle "GM"]
[WhiteElo "2690"]
[BlackElo "2586"]
[WhiteTeam "Chengdu Pandas"]
[BlackTeam "Armenia Eagles"]
[WhiteFideId "8601429"]
[BlackFideId "13302000"]
[EventDate "2018.03.13"]

1. d4 g6 2. Nf3 Bg7 3. Bf4 d6 4. e3 Nd7 5. h3 e5 6. Bh2 Qe7 7. Be2 Ngf6 8. c4
O-O 9. Nc3 e4 10. Nd2 Re8 11. Nb5 Qd8 12. c5 a6 13. cxd6 axb5 14. dxc7 Qe7 15.
Bxb5 Qb4 16. a4 Bf8 17. Rc1 Re6 18. O-O Bd6 19. Bxd6 Qxd6 20. Qc2 Nb6 21. Rfd1
Nbd5 22. Qc5 Qxc5 23. Rxc5 b6 24. Rc4 Ra7 25. Rdc1 Re7 26. Bc6 Raxc7 27. Nxe4
Rxe4 28. Bxd5 Rxc4 29. Bxc4 Bd7 30. b3 Re8 31. Kf1 Kf8 32. Ke2 Rc8 33. h4 Ne4
34. f3 Nd6 35. Kd3 Ke7 36. e4 f6 37. Rc3 1/2-1/2

[Event "PRO League KO Stage 2018"]
[Site "San Francisco USA"]
[Date "2018.04.08"]
[Round "4"]
[White "Zherebukh, Yaroslav"]
[Black "Borisek, Jure"]
[Result "1/2-1/2"]
[WhiteTitle "GM"]
[BlackTitle "GM"]
[WhiteElo "2633"]
[BlackElo "2576"]
[WhiteTeam "Saint Louis Arch Bishops"]
[BlackTeam "Ljubljana Turtles"]
[WhiteFideId "14116804"]
[BlackFideId "14603152"]
[EventDate "2018.03.13"]

1. e4 e5 2. Nf3 Nc6 3. d4 exd4 4. Nxd4 Bc5 5. Nb3 Bb6 6. Nc3 Nf6 7. Qe2 d6 8.
Be3 Qe7 9. O-O-O Be6 10. g3 O-O-O 11. Bxb6 axb6 12. Bg2 h5 13. Rhe1 h4 14. Nd5
Qd7 15. Qf1 hxg3 16. hxg3 Bh3 17. Bxh3 Qxh3 18. Qc4 Nxd5 19. exd5 Ne5 20. Qc3 g5
21. Nd4 Qd7 22. f4 gxf4 23. gxf4 Ng6 24. Re4 Rh3 25. Qc4 Kb8 26. Rde1 Rh5 27. a4
Rc8 28. Kb1 c6 29. dxc6 bxc6 30. Qe2 Rh4 31. Qf2 Kb7 32. Nb3 c5 33. a5 d5 34.
R4e3 Rxf4 35. Qg1 d4 36. Rg3 c4 37. Nc1 bxa5 38. Rg5 d3 39. Rxa5 Qd4 40. Qg2+
Kb6 41. Qg5 Rc5 42. Rxc5 Qxc5 43. Qd8+ Qc7 44. Qxc7+ Kxc7 45. cxd3 cxd3 46. Nxd3 1/2-1/2

[Event "PRO League KO Stage 2018"]
[Site "San Francisco USA"]
[Date "2018.04.08"]
[Round "4"]
[White "Ter-Sahakyan, Samvel"]
[Black "Chu, Ruotong"]
[Result "1-0"]
[WhiteTitle "GM"]
[WhiteElo "2553"]
[BlackElo "2284"]
[WhiteTeam "Armenia Eagles"]
[BlackTeam "Chengdu Pandas"]
[WhiteFideId "13302531"]
[BlackFideId "8605653"]
[EventDate "2018.03.13"]

1. e4 e5 2. Nf3 Nf6 3. Nxe5 d6 4. Nf3 Nxe4 5. d4 d5 6. Bd3 Nc6 7. O-O Be7 8.
Nbd2 Nd6 9. c3 Bf5 10. Bxf5 Nxf5 11. Re1 O-O 12. Nf1 Qd7 13. Qd3 Nd6 14. Ne3 Qe6
15. Qc2 Nc8 16. Bd2 Bf6 17. h3 Qd6 18. Re2 Nb6 19. Rae1 Nc4 20. Nxc4 dxc4 21.
Qf5 a6 22. Bf4 Qd8 23. Qc5 Qd7 24. d5 Na7 25. Qxc4 Nb5 26. Qd3 Rae8 27. c4 Nd6
28. Ne5 Bxe5 29. Bxe5 f6 30. Bxd6 cxd6 31. Re6 Rc8 32. Re7 Qa4 33. Qg3 Rf7 34.
Qxd6 Rxe7 35. Rxe7 Rf8 36. Qe6+ Kh8 37. d6 Qd1+ 38. Kh2 Qd2 39. d7 Qf4+ 40. Kg1
Qc1+ 41. Qe1 Qxc4 42. Re8 1-0

[Event "PRO League KO Stage 2018"]
[Site "San Francisco USA"]
[Date "2018.04.08"]
[Round "4"]
[White "Skuhala, Luka"]
[Black "Chen, Forest"]
[Result "0-1"]
[WhiteElo "2087"]
[BlackElo "2107"]
[WhiteTeam "Ljubljana Turtles"]
[BlackTeam "Saint Louis Arch Bishops"]
[WhiteFideId "14605678"]
[BlackFideId "30908205"]
[EventDate "2018.03.13"]

1. e4 c6 2. d4 d5 3. f3 dxe4 4. fxe4 e5 5. Nf3 Bg4 6. Bc4 Nd7 7. O-O Ngf6 8. c3
b5 9. Bb3 Bd6 10. Qe1 O-O 11. Bg5 Qb6 12. Qg3 exd4 13. Qxd6 dxc3+ 14. Kh1 cxb2
15. Nbd2 bxa1=Q 16. Rxa1 c5 17. Qg3 Bxf3 18. gxf3 c4 19. Bc2 Qe6 20. Rg1 Ne8 21.
f4 f6 22. Bh6 Qe7 23. e5 fxe5 24. Be4 Rc8 25. Bd5+ Kh8 26. Bg5 Qd6 27. Be4 Nef6
28. Bxf6 Qxf6 29. Qh3 h6 30. Qxd7 Rcd8 31. fxe5 Qxe5 32. Qg4 Rxd2 33. Bg2 c3 0-1

[Event "PRO League KO Stage 2018"]
[Site "San Francisco USA"]
[Date "2018.04.08"]
[Round "4"]
[White "Skuhala, Luka"]
[Black "Akobian, Varuzhan"]
[Result "0-1"]
[BlackTitle "GM"]
[WhiteElo "2087"]
[BlackElo "2640"]
[WhiteTeam "Ljubljana Turtles"]
[BlackTeam "Saint Louis Arch Bishops"]
[WhiteFideId "14605678"]
[BlackFideId "13300580"]
[EventDate "2018.03.13"]

1. e4 e6 2. d4 d5 3. e5 c5 4. c3 Qb6 5. Nf3 Nc6 6. a3 c4 7. Be2 Na5 8. Nbd2 Bd7
9. O-O Ne7 10. Re1 Nc8 11. Rb1 Qc7 12. Nf1 Nb6 13. Qd2 Nb3 14. Qf4 Nxc1 15.
Rexc1 Be7 16. Ne3 f5 17. Nc2 O-O-O 18. Qd2 Rdg8 19. Qe1 g5 20. Nd2 g4 21. b3 f4
22. bxc4 dxc4 23. Rxb6 axb6 24. Bxc4 Kb8 25. Nb4 f3 26. Bd3 fxg2 27. Ne4 Rf8 28.
c4 Rf3 29. c5 Rhf8 30. Nf6 Bxf6 31. exf6 R8xf6 32. c6 Rxf2 33. Qe3 Bxc6 34. Rxc6
Rf1+ 35. Kxg2 R6f2+ 36. Qxf2 Rxf2+ 37. Kxf2 Qxh2+ 0-1

[Event "PRO League KO Stage 2018"]
[Site "San Francisco USA"]
[Date "2018.04.08"]
[Round "4"]
[White "Chu, Ruotong"]
[Black "Andriasian, Zaven"]
[Result "0-1"]
[BlackTitle "GM"]
[WhiteElo "2284"]
[BlackElo "2586"]
[WhiteTeam "Chengdu Pandas"]
[BlackTeam "Armenia Eagles"]
[WhiteFideId "8605653"]
[BlackFideId "13302000"]
[EventDate "2018.03.13"]

1. d4 Nf6 2. c4 g6 3. Nc3 Bg7 4. e4 d6 5. Nf3 O-O 6. Be2 Nbd7 7. O-O e5 8. dxe5
dxe5 9. b4 a5 10. b5 Re8 11. Qc2 Bf8 12. Rd1 c6 13. h3 Qc7 14. Be3 Nh5 15. Rd2
Nf4 16. Bf1 Nc5 17. Na4 Nce6 18. Bb6 Qe7 19. Be3 Qf6 20. Nh2 Nd4 21. Bxd4 exd4
22. bxc6 bxc6 23. Nb6 Rb8 24. Nxc8 Rbxc8 25. Ng4 Qg5 26. g3 Nh5 27. Nh2 Rcd8 28.
Nf3 Qf6 29. Bg2 d3 30. Qd1 Rxe4 31. Ne1 Re2 32. Rxe2 dxe2 0-1

[Event "PRO League KO Stage 2018"]
[Site "San Francisco USA"]
[Date "2018.04.08"]
[Round "4"]
[White "Ter-Sahakyan, Samvel"]
[Black "Wang, Yue"]
[Result "1/2-1/2"]
[WhiteTitle "GM"]
[BlackTitle "GM"]
[WhiteElo "2553"]
[BlackElo "2690"]
[WhiteTeam "Armenia Eagles"]
[BlackTeam "Chengdu Pandas"]
[WhiteFideId "13302531"]
[BlackFideId "8601429"]
[EventDate "2018.03.13"]

1. e4 c6 2. d4 d5 3. e5 Bf5 4. h4 h5 5. c4 e6 6. Nc3 dxc4 7. Bxc4 Nd7 8. Nge2
Nb6 9. Bb3 Be7 10. Ng3 Bg6 11. Be3 Nh6 12. Nxh5 Nf5 13. Nf4 Rxh4 14. Rxh4 Bxh4
15. Kf1 Bg5 16. Qf3 Bxf4 17. Qxf4 Qe7 18. g4 Nxe3+ 19. fxe3 Nd5 20. Bxd5 exd5
21. Kg2 O-O-O 22. Rh1 Qb4 23. Qf2 Re8 24. a3 Qb3 25. Kg3 a6 26. Rh2 Kb8 27. Qf4
Ka7 28. Rf2 Rh8 29. e6 fxe6 30. Qd6 Bc2 31. Qc5+ Ka8 32. Rf8+ Rxf8 33. Qxf8+ Ka7
34. Qc5+ Ka8 35. Qf8+ Ka7 36. Qc5+ Ka8 37. Qf8+ Ka7 38. Qc5+ 1/2-1/2

[Event "PRO League KO Stage 2018"]
[Site "San Francisco USA"]
[Date "2018.04.08"]
[Round "4"]
[White "Ter-Sahakyan, Samvel"]
[Black "Ni, Hua"]
[Result "1/2-1/2"]
[WhiteTitle "GM"]
[BlackTitle "GM"]
[WhiteElo "2553"]
[BlackElo "2670"]
[WhiteTeam "Armenia Eagles"]
[BlackTeam "Chengdu Pandas"]
[WhiteFideId "13302531"]
[BlackFideId "8601160"]
[EventDate "2018.03.13"]

1. e4 e5 2. Nf3 Nf6 3. Nxe5 d6 4. Nf3 Nxe4 5. d4 d5 6. Bd3 Be7 7. O-O Nd6 8. Nc3
c6 9. Ne2 Bf5 10. Ng3 Bxd3 11. Qxd3 O-O 12. Re1 Na6 13. c3 Nc7 14. Ne5 Re8 15.
Bd2 Bf8 16. b3 f6 17. Nf3 Qd7 18. h3 Rxe1+ 19. Rxe1 Re8 20. Rxe8 Qxe8 21. Bf4
Ne6 22. Bd2 Nc7 23. Bf4 Ne6 24. Bd2 Qg6 25. Qxg6 hxg6 26. Ne1 g5 27. Nd3 Kf7 28.
Kf1 Kg6 29. Ke2 Be7 30. f4 gxf4 31. Nxf4+ Nxf4+ 32. Bxf4 Nf5 33. Nxf5 Kxf5 34.
Kf3 Ke6 35. g4 f5 36. Be3 g6 37. a4 Ba3 38. Bd2 a6 39. Kf4 Be7 40. Kf3 Bd6 41.
a5 c5 42. Be3 c4 43. b4 Bc7 44. Bd2 Bd8 45. Be3 Be7 46. Bd2 Bd6 47. Be3 Kf6 48.
Bd2 Ke6 49. Bf4 Be7 50. Bd2 Bd8 51. Be3 b6 52. axb6 Bxb6 53. Bd2 Bc7 54. Be3 Kf6
55. Bd2 a5 56. bxa5 Bxa5 57. Be1 Kg5 58. Bd2+ Kf6 59. Be1 Bc7 60. Bd2 Bb6 61.
Be1 Bd8 62. Bh4+ g5 63. Be1 Ba5 64. Bd2 Kg6 65. Be1 Bc7 66. Bd2 Bd6 67. Be1 Bc7
68. Bd2 Ba5 69. Be1 Kf6 70. Bd2 Kg6 71. Be1 Kf6 72. Bd2 Kg6 73. Be1 1/2-1/2

[Event "PRO League KO Stage 2018"]
[Site "San Francisco USA"]
[Date "2018.04.08"]
[Round "4"]
[White "Andriasian, Zaven"]
[Black "Wang, Yue"]
[Result "1/2-1/2"]
[WhiteTitle "GM"]
[BlackTitle "GM"]
[WhiteElo "2586"]
[BlackElo "2690"]
[WhiteTeam "Armenia Eagles"]
[BlackTeam "Chengdu Pandas"]
[WhiteFideId "13302000"]
[BlackFideId "8601429"]
[EventDate "2018.03.13"]

1. e4 c6 2. d3 d5 3. Nd2 g6 4. Ngf3 Bg7 5. g3 Bg4 6. Bg2 e6 7. h3 Bxf3 8. Qxf3
Nd7 9. Qe2 Ne7 10. O-O O-O 11. c3 a5 12. d4 dxe4 13. Nxe4 Nd5 14. Bg5 Qc7 15.
Rfe1 a4 16. Rad1 b5 17. Qf3 Rac8 18. h4 h5 19. b3 axb3 20. axb3 Ra8 21. c4 bxc4
22. bxc4 Nb4 23. Be7 Nc2 24. Bxf8 Nxe1 25. Rxe1 Rxf8 26. Rd1 Rd8 27. Ng5 Nf8 28.
d5 cxd5 29. cxd5 exd5 30. Rxd5 Rxd5 31. Qxd5 Bf6 32. Ne4 Be7 1/2-1/2

[Event "PRO League KO Stage 2018"]
[Site "San Francisco USA"]
[Date "2018.04.08"]
[Round "4"]
[White "Andriasian, Zaven"]
[Black "Ni, Hua"]
[Result "1/2-1/2"]
[WhiteTitle "GM"]
[BlackTitle "GM"]
[WhiteElo "2586"]
[BlackElo "2670"]
[WhiteTeam "Armenia Eagles"]
[BlackTeam "Chengdu Pandas"]
[WhiteFideId "13302000"]
[BlackFideId "8601160"]
[EventDate "2018.03.13"]

1. Nf3 d5 2. c4 e6 3. g3 Nf6 4. Bg2 Be7 5. O-O O-O 6. d4 c6 7. Qc2 dxc4 8. Qxc4
b5 9. Qc2 Bb7 10. Nc3 Nbd7 11. Bg5 Rc8 12. Rfd1 c5 13. dxc5 Rxc5 14. Be3 Rc8 15.
a3 Qc7 16. Rac1 a6 17. Qb1 Qb8 18. Ng5 Rfd8 19. Nge4 Nxe4 20. Nxe4 Nf6 21. Rxc8
Rxc8 22. Bd4 Nxe4 23. Bxe4 h6 1/2-1/2

[Event "PRO League KO Stage 2018"]
[Site "San Francisco USA"]
[Date "2018.04.08"]
[Round "4"]
[White "Andriasian, Zaven"]
[Black "Xu, Xiangyu"]
[Result "1/2-1/2"]
[WhiteTitle "GM"]
[BlackTitle "GM"]
[WhiteElo "2586"]
[BlackElo "2545"]
[WhiteTeam "Armenia Eagles"]
[BlackTeam "Chengdu Pandas"]
[WhiteFideId "13302000"]
[BlackFideId "8608288"]
[EventDate "2018.03.13"]

1. e4 e5 2. Nf3 Nf6 3. Nxe5 d6 4. Nf3 Nxe4 5. Nc3 Nxc3 6. dxc3 Be7 7. Be3 Nc6 8.
Qd2 Bf5 9. O-O-O Qd7 10. Nd4 Nxd4 11. Bxd4 O-O 12. Kb1 a5 13. c4 Rfe8 14. h3 Bf8
15. f3 Qc6 16. Qc3 Qa4 17. g4 Be6 18. f4 c5 19. Bf2 Qb4 20. Be1 Qxc3 21. Bxc3
Bd7 22. Bg2 Bc6 23. Bxc6 bxc6 24. Rhe1 Rxe1 25. Rxe1 f6 26. a4 Kf7 27. f5 Be7
28. Re6 h6 29. Kc1 Ke8 30. Kd2 Kd7 31. Ke3 d5 32. Kd3 Bd6 33. h4 Bc7 34. g5 hxg5
35. hxg5 d4 36. Bd2 Be5 37. gxf6 gxf6 38. Bg5 Rh8 39. Bxf6 Rh3+ 40. Ke2 Rh2+ 41.
Kd3 Rh3+ 42. Ke2 Rh2+ 1/2-1/2

[Event "PRO League KO Stage 2018"]
[Site "San Francisco USA"]
[Date "2018.04.08"]
[Round "4"]
[White "Xu, Xiangyu"]
[Black "Manukian, Artak"]
[Result "1-0"]
[WhiteTitle "GM"]
[WhiteElo "2545"]
[BlackElo "2196"]
[WhiteTeam "Chengdu Pandas"]
[BlackTeam "Armenia Eagles"]
[WhiteFideId "8608288"]
[BlackFideId "13301373"]
[EventDate "2018.03.13"]

1. Nf3 d5 2. d4 Nf6 3. c4 e6 4. g3 c6 5. Bg2 Nbd7 6. Nbd2 Be7 7. Qc2 O-O 8. O-O
b5 9. c5 a5 10. e4 dxe4 11. Nxe4 Bb7 12. Nxf6+ Nxf6 13. h4 h6 14. Bd2 Nd5 15.
Ne5 Bf6 16. Rfe1 Nb4 17. Qc3 Nd5 18. Qb3 a4 19. Qf3 b4 20. Qg4 Kh8 21. Qh5 Kg8
22. Be4 Bxe5 23. Qxe5 Qf6 24. Bxd5 Qxe5 25. Rxe5 exd5 26. Bxb4 Rfe8 27. Rae1 Kf8
28. Kg2 Rxe5 29. dxe5 Ke7 30. Bc3 Bc8 31. e6 g6 32. exf7+ Kxf7 33. a3 Bf5 34. f3
h5 35. Kf2 Re8 36. Rxe8 Kxe8 37. Ke3 Ke7 38. Kf4 Bc2 39. g4 hxg4 40. fxg4 Bd1
41. Kg5 Kf7 42. h5 gxh5 43. gxh5 Kg8 44. Kg6 Bc2+ 45. Kf6 Bd1 46. h6 Kh7 47. Bd2
d4 48. Ke5 d3 49. Kd4 Bc2 50. Ke5 Bb3 51. Ke4 Bc2 52. Kd4 Kg6 53. Kc3 Kh7 54. b4
axb3 55. Kb2 Bd1 56. a4 Bg4 57. a5 Bc8 58. Kxb3 Ba6 59. Kc3 Kg6 60. Kd4 Bc8 61.
Ke5 Ba6 62. Kd6 Bb5 63. Kc7 Kh7 64. Kb6 Bc4 65. a6 1-0

[Event "PRO League KO Stage 2018"]
[Site "San Francisco USA"]
[Date "2018.04.08"]
[Round "4"]
[White "Xu, Xiangyu"]
[Black "Grigoryan, Karen H."]
[Result "1/2-1/2"]
[WhiteTitle "GM"]
[BlackTitle "GM"]
[WhiteElo "2545"]
[BlackElo "2571"]
[WhiteTeam "Chengdu Pandas"]
[BlackTeam "Armenia Eagles"]
[WhiteFideId "8608288"]
[BlackFideId "13301004"]
[EventDate "2018.03.13"]

1. g3 g6 2. Bg2 Bg7 3. d4 Nf6 4. Nf3 O-O 5. O-O d6 6. b3 c5 7. c4 Nc6 8. Bb2 Ne4
9. Nbd2 Bf5 10. e3 Qa5 11. Nxe4 Bxe4 12. Qc1 Bxf3 13. Bxf3 cxd4 14. Bxc6 bxc6
15. Bxd4 e5 16. Bc3 Qc7 17. Qd2 d5 18. cxd5 cxd5 19. Bb4 Rfb8 20. Rac1 Qd7 21.
Rfd1 d4 22. Bc5 Rd8 23. Rc4 d3 24. e4 Qg4 25. Kg2 Rac8 26. f3 Qe6 27. Rc3 f5 28.
b4 fxe4 29. fxe4 Qg4 30. Rxd3 Qxe4+ 31. Kg1 Bf6 32. Rxd8+ Rxd8 33. Qe1 Rxd1 34.
Qxd1 a6 35. Qd7 Qb1+ 36. Kg2 Qxa2+ 37. Kh3 Qf7 38. Qc8+ Kg7 39. Qxa6 Qd7+ 40.
Kg2 e4 41. Qc4 Qd2+ 42. Kf1 Qd1+ 43. Kf2 Qf3+ 44. Kg1 e3 45. Qf1 Qe4 46. Qe2
Qb1+ 47. Kg2 Qe4+ 48. Kg1 Qb1+ 49. Kg2 Qe4+ 50. Kg1 Qb1+ 51. Kg2 Qe4+ 52. Kg1
Qb1+ 53. Kg2 Qe4+ 54. Kg1 1/2-1/2

[Event "PRO League KO Stage 2018"]
[Site "San Francisco USA"]
[Date "2018.04.08"]
[Round "4"]
[White "Xu, Xiangyu"]
[Black "Ter-Sahakyan, Samvel"]
[Result "1/2-1/2"]
[WhiteTitle "GM"]
[BlackTitle "GM"]
[WhiteElo "2545"]
[BlackElo "2553"]
[WhiteTeam "Chengdu Pandas"]
[BlackTeam "Armenia Eagles"]
[WhiteFideId "8608288"]
[BlackFideId "13302531"]
[EventDate "2018.03.13"]

1. d4 d5 2. c4 c6 3. cxd5 cxd5 4. Bf4 Nc6 5. e3 Nf6 6. Nc3 Bf5 7. Qb3 Na5 8.
Bb5+ Bd7 9. Qd1 Nc6 10. Nf3 e6 11. h3 Be7 12. O-O O-O 13. Rc1 Rc8 14. Bd3 Nh5
15. Bh2 f5 16. Ne5 Nf6 17. Ne2 Ne4 18. f3 Nxe5 19. Rxc8 Qxc8 20. Bxe5 Nd6 21.
Qb3 Nc4 22. Rc1 b5 23. Qc3 Qb7 24. b3 Nxe5 25. dxe5 Rc8 26. Qb2 b4 27. Nd4 a5
28. Rxc8+ Qxc8 29. Qc2 Qxc2 30. Nxc2 g5 31. g3 Bc5 32. Kg2 h5 33. f4 gxf4 34.
gxf4 h4 35. Nd4 Bxd4 36. exd4 Kg7 37. Kf2 Kh6 38. Be2 Kg6 39. Ke3 Kh6 40. Kf2
Kg6 41. Ke3 Kh6 42. Kf2 Kg6 43. Ke3 1/2-1/2

[Event "PRO League KO Stage 2018"]
[Site "San Francisco USA"]
[Date "2018.04.08"]
[Round "4"]
[White "Chu, Ruotong"]
[Black "Grigoryan, Karen H."]
[Result "0-1"]
[BlackTitle "GM"]
[WhiteElo "2284"]
[BlackElo "2571"]
[WhiteTeam "Chengdu Pandas"]
[BlackTeam "Armenia Eagles"]
[WhiteFideId "8605653"]
[BlackFideId "13301004"]
[EventDate "2018.03.13"]

1. d4 g6 2. e4 Bg7 3. Nc3 d6 4. Nf3 Nf6 5. h3 O-O 6. Be3 c6 7. a4 a5 8. Be2 Nbd7
9. O-O e5 10. dxe5 dxe5 11. Qd6 Re8 12. Rfd1 Bf8 13. Qd2 Bb4 14. Bg5 Qc7 15. Bd3
Nh5 16. Bc4 Nf4 17. Bh6 Nb6 18. Bb3 Be6 19. Bxf4 exf4 20. e5 Bxb3 21. cxb3 Bf8
22. Qxf4 Bg7 23. Re1 Nd7 24. Ne4 Nxe5 25. Nf6+ Bxf6 26. Qxf6 Re6 27. Qf4 Rae8
28. Nxe5 Rxe5 29. Rxe5 Rxe5 30. Qd2 Qb6 31. Qc2 Rc5 32. Qd3 Rf5 33. Qc2 Qd4 34.
Re1 Rd5 35. Re8+ Kg7 36. Re7 Rc5 37. Qe2 Rc1+ 38. Kh2 Qd6+ 39. g3 Qd5 40. Re4
Qxb3 41. Qd2 Rd1 42. Qxa5 Qxb2 43. Rf4 Qa1 44. Qc5 Rh1+ 45. Kg2 Qf1+ 46. Kf3
Qd1+ 47. Kg2 Rg1+ 48. Kh2 Qa1 49. Qe7 Rh1+ 50. Kg2 Qf1+ 51. Kf3 Qd3+ 52. Kg2
Qd5+ 53. f3 Rd1 54. Qf6+ Kg8 55. g4 Qd2+ 56. Kg3 Qe1+ 57. Kg2 Qg1# 0-1

[Event "PRO League KO Stage 2018"]
[Site "San Francisco USA"]
[Date "2018.04.08"]
[Round "4"]
[White "Grigoryan, Karen H."]
[Black "Chu, Ruotong"]
[Result "1-0"]
[WhiteTitle "GM"]
[WhiteElo "2571"]
[BlackElo "2284"]
[WhiteTeam "Armenia Eagles"]
[BlackTeam "Chengdu Pandas"]
[WhiteFideId "13301004"]
[BlackFideId "8605653"]
[EventDate "2018.03.13"]

1. Nf3 Nf6 2. g3 g6 3. b3 Bg7 4. Bb2 c5 5. Bg2 d5 6. O-O O-O 7. d4 cxd4 8. Nxd4
Nc6 9. Nxc6 bxc6 10. c4 Bb7 11. Nc3 e6 12. Na4 Qe7 13. Qc1 Rfd8 14. Be5 Rac8 15.
Qc3 c5 16. Qa5 dxc4 17. bxc4 Bxg2 18. Kxg2 Ne4 19. Bxg7 Kxg7 20. Rfd1 Rxd1 21.
Rxd1 Nd6 22. Nxc5 Nb7 23. Qc3+ e5 24. Nd7 f6 25. Qb2 Nd6 26. c5 Qxd7 27. Rxd6
Qc7 28. Rd5 Rb8 29. Qd2 Qc6 30. e4 Rb7 31. Qa5 f5 32. Qc3 fxe4 33. Qxe5+ Qf6 34.
Qxe4 Re7 35. Qd4 Qxd4 36. Rxd4 Rc7 37. Rc4 Kf6 38. c6 Ke5 39. Kf3 Kd6 40. Kg4 h6
41. h4 a5 42. a4 Kd5 43. Rc2 Kd6 44. h5 g5 45. Kf5 Kd5 46. Kg6 1-0

[Event "PRO League KO Stage 2018"]
[Site "San Francisco USA"]
[Date "2018.04.08"]
[Round "4"]
[White "Grigoryan, Karen H."]
[Black "Xu, Xiangyu"]
[Result "1-0"]
[WhiteTitle "GM"]
[BlackTitle "GM"]
[WhiteElo "2571"]
[BlackElo "2545"]
[WhiteTeam "Armenia Eagles"]
[BlackTeam "Chengdu Pandas"]
[WhiteFideId "13301004"]
[BlackFideId "8608288"]
[EventDate "2018.03.13"]

1. Nf3 d5 2. g3 g6 3. Bg2 Bg7 4. O-O e5 5. d3 Nc6 6. Nc3 Nge7 7. e4 dxe4 8. dxe4
Bg4 9. Qe1 O-O 10. Be3 Nd4 11. Bxd4 exd4 12. Rd1 Qd6 13. Ne2 Qb6 14. b3 Nc6 15.
Qd2 Rad8 16. Nf4 Bh6 17. Nd5 Bxd2 18. Nxb6 axb6 19. Rxd2 b5 20. h3 Bxf3 21. Bxf3
Ra8 22. Ra1 Ra7 23. Be2 Ra5 24. a3 Re8 25. f3 Re5 26. Rdd1 Ra8 27. b4 Rd8 28.
Bd3 Kg7 29. Kf2 f6 30. Re1 Na7 31. a4 Nc6 32. Reb1 bxa4 33. b5 Na5 34. Rxa4 b6
35. Rbb4 Kf7 36. Rxd4 Rxd4 37. Rxd4 Ke7 38. Ke3 Rc5 39. Kd2 Nb7 40. Ra4 Nd6 41.
c4 Nf7 42. Ke3 Ne5 43. Be2 g5 44. f4 gxf4+ 45. gxf4 Nf7 46. Ra8 Nd8 47. Ra1 Nf7
48. Rg1 Kf8 49. Kd4 Nd6 50. e5 fxe5+ 51. fxe5 Nf7 52. Rf1 Ke7 53. Rf5 Ke6 54.
Bg4 Nxe5 55. Rxe5+ 1-0

[Event "PRO League KO Stage 2018"]
[Site "San Francisco USA"]
[Date "2018.04.08"]
[Round "4"]
[White "Lenic, Luka"]
[Black "Zherebukh, Yaroslav"]
[Result "1/2-1/2"]
[WhiteTitle "GM"]
[BlackTitle "GM"]
[WhiteElo "2662"]
[BlackElo "2633"]
[WhiteTeam "Ljubljana Turtles"]
[BlackTeam "Saint Louis Arch Bishops"]
[WhiteFideId "14603853"]
[BlackFideId "14116804"]
[EventDate "2018.03.13"]

1. d4 Nf6 2. c4 g6 3. Nc3 d5 4. Bf4 Bg7 5. e3 O-O 6. Rc1 c5 7. dxc5 Ne4 8. cxd5
Nxc3 9. bxc3 Qa5 10. Qd2 Nd7 11. Nf3 Nxc5 12. Be5 Bxe5 13. Nxe5 Rd8 14. Bc4 e6
15. O-O exd5 16. Bb3 Be6 17. Qd4 Rac8 18. f3 Qa3 19. Rb1 a5 20. Ng4 Bxg4 21.
fxg4 Ne6 22. Qf6 Rc7 23. e4 Qc5+ 24. Kh1 Qxc3 25. Qxc3 Rxc3 26. Bxd5 Rd7 27.
Rxb7 Rxb7 28. Bxb7 Kf8 29. Bd5 Ke7 30. h4 Rg3 31. Kh2 Rxg4 32. g3 h5 33. Rb1 Nc5
34. Rb5 Nxe4 35. Bxe4 Rxe4 36. Rxa5 1/2-1/2